Science Quiz

Random Science or Geology Quiz

Carbonate Minerals Quiz Stats

 Plays Quiz not verified by Sporcle

Score 0/12 Timer 04:00
0 Plays Today
Formula Mineral % Correct
CaCO3Calcite
87.9%
FeCO3Siderite
82.8%
Cu3(CO3)2(OH)2Azurite
82.8%
CaMg(CO3)2Dolomite
81%
Cu2CO3(OH)3Malachite
81%
MgCO3Magnesite
75.9%
SrCO3Strontianite
67.2%
PbCO3Cerussite
67.2%
MnCO3Rhodochrosite
67.2%
ZnCO3Smithsonite
67.2%
BaCO3Witherite
55.2%
CaFe(CO3)2Ankerite
53.4%

You're not logged in!

Compare scores with friends on all Sporcle quizzes.
OR
Log In

Show Comments

Extras

Created Feb 19, 2012ReportNominate
Tags:Geology Quiz

Top Quizzes Today


Score Distribution

Your Account Isn't Verified!

In order to create a playlist on Sporcle, you need to verify the email address you used during registration. Go to your Sporcle Settings to finish the process.

Report this User

Report this user for behavior that violates our Community Guidelines.

Details: